BFDI Contestants - Sudden Death - Statistics

General Stats
  • This quiz has been taken 10 times
  • The average score is 5 of 20
Answers on the Grid
Answers color-coded by a green-red scale on the quiz's grid according to % correct below.
Apple
Banana
Beach Ball
Book
Bubble
Coiny
Dora
Drink Bottle
Evil Leafy
Firey
Fish
Gaty
Grassy
Ice Cube
Jammy
Lollipop
Loser
Map
Naily
Nonexisty
Pie
Price Tag
Purple Face
Ruby
Teardrop
Soccer Ball
Taco
Tune
TV
Uranium
VHSy
Woody
 
Answer Stats
Answer % Correct
Woody
100%
Beach Ball
50%
Book
50%
Bubble
50%
Coiny
50%
Firey
50%
Ice Cube
50%
Pie
50%
TV
50%
Dora
0%
Gaty
0%
Grassy
0%
Jammy
0%
Lollipop
0%
Loser
0%
Naily
0%
Price Tag
0%
Ruby
0%
Taco
0%
Teardrop
0%
No matching quizzes found
Score Distribution
Percent of People with Each Score
Percentile by Number Answered
Your Score History
You have not taken this quiz